|
|
|
|
| LEADER |
03222nam a22003973i 4500 |
| 001 |
EBC6695251 |
| 003 |
MiAaPQ |
| 005 |
20231204023218.0 |
| 006 |
m o d | |
| 007 |
cr cnu|||||||| |
| 008 |
231204s2014 xx o ||||0 ger d |
| 020 |
|
|
|a 9783839424872
|q (electronic bk.)
|
| 020 |
|
|
|z 9783837624878
|
| 035 |
|
|
|a (MiAaPQ)EBC6695251
|
| 035 |
|
|
|a (Au-PeEL)EBL6695251
|
| 035 |
|
|
|a (OCoLC)903963662
|
| 040 |
|
|
|a MiAaPQ
|b eng
|e rda
|e pn
|c MiAaPQ
|d MiAaPQ
|
| 100 |
1 |
|
|a Luft, Stefan.
|
| 245 |
1 |
0 |
|a 20 Jahre Asylkompromiss :
|b Bilanz und Perspektiven.
|
| 250 |
|
|
|a 1st ed.
|
| 264 |
|
1 |
|a Bielefeld :
|b transcript,
|c 2014.
|
| 264 |
|
4 |
|c ©2014.
|
| 300 |
|
|
|a 1 online resource (333 pages)
|
| 336 |
|
|
|a text
|b txt
|2 rdacontent
|
| 337 |
|
|
|a computer
|b c
|2 rdamedia
|
| 338 |
|
|
|a online resource
|b cr
|2 rdacarrier
|
| 490 |
1 |
|
|a Edition Politik ;
|v v.16
|
| 505 |
0 |
|
|a Cover -- Inhalt -- Vorwort -- Asylpolitik im Wandel. Einführung in die Thematik des Bandes -- I. Entwicklung der Asylmigration - Ein Überblick -- Asylmigration nach Deutschland -- II. Asylpolitik - Ein Rückblick -- Asylpolitik in Deutschland - Akteure, Interessen, Strategien -- »Asylpolitik im Rauch der Brandsätze« - der zeitgeschichtliche Kontext -- Kein fairer Tausch. Zur Bedeutung der Reform der Aussiedlerpolitik im Kontext des Asylkompromisses -- III. Debatten um Asyl und Zuwanderung -- A) Der Asylkompromiss in der politisch-parlamentarischen Debatte -- Günther Beckstein: Diskussionsbeitrag -- Cornelia Schmalz-Jacobson: Diskussionsbeitrag -- Dieter Wiefelspütz: Ein Gespräch mit Stefan Luft -- Konrad Weiß: Diskussionsbeitrag »Zwanzig Jahre nach der Asylrechtsänderung« -- B) Die Zuwanderung in der öffentlich-medialen Debatte -- Jasper von Altenbockum: Diskussionsbeitrag »Die offene Wunde« -- Roland Preuß: Diskussionsbeitrag »Die Debatte um Zuwanderung in Deutschland« -- IV. Weiterentwicklung des Asylrechts -- Recht auf Auswanderung - Recht auf Einwanderung? Migrationsgerechtigkeit heute -- Das Bundesamt für Migration und Flüchtlinge und der Wandel des Asylrechts -- Anforderungen an ein humanes Asylrecht -- Asyl und Arbeitsmarkt - zur sozialen Lage von Asylbewerbern -- V. Migration und Asyl - Internationale Perspektiven -- Die Europäisierung der Asyl- und Flüchtlingspolitik -- Grenzsicherung der Europäischen Union - ein neuer »Eiserner Vorhang« im 21. Jahrhundert? -- Asylrecht und Flüchtlingsschutz aus internationaler Perspektive. Internationale Zusammenarbeit und Solidarität als Voraussetzungen für effektiven Flüchtlingsschutz -- Autoreninformation.
|
| 588 |
|
|
|a Description based on publisher supplied metadata and other sources.
|
| 590 |
|
|
|a Electronic reproduction. Ann Arbor, Michigan : ProQuest Ebook Central, 2023. Available via World Wide Web. Access may be limited to ProQuest Ebook Central affiliated libraries.
|
| 655 |
|
4 |
|a Electronic books.
|
| 700 |
1 |
|
|a Schimany, Peter.
|
| 776 |
0 |
8 |
|i Print version:
|a Luft, Stefan
|t 20 Jahre Asylkompromiss
|d Bielefeld : transcript,c2014
|z 9783837624878
|
| 797 |
2 |
|
|a ProQuest (Firm)
|
| 830 |
|
0 |
|a Edition Politik
|
| 856 |
4 |
0 |
|u https://ebookcentral.proquest.com/lib/matrademy/detail.action?docID=6695251
|z Click to View
|